How Many South American Countries Can You Name In 15 Seconds - Statistics

General Stats
  • This quiz has been taken 1,401 times
  • The average score is 6 of 12
Answer Stats
Countries % Correct
Brazil
86%
Argentina
67%
Chile
62%
Peru
61%
Paraguay
49%
Colombia
45%
Uruguay
45%
Bolivia
43%
Venezuela
40%
Ecuador
39%
Suriname
35%
Guyana
33%
No matching quizzes found
Score Distribution
Percent of People with Each Score
Percentile by Number Answered
Your Score History
You have not taken this quiz